| 000 | 00526nam a2200169 i 4500 | ||
|---|---|---|---|
| 001 | 128168 | ||
| 003 | ES-MaACL | ||
| 005 | 20230906193200.0 | ||
| 007 | t| | ||
| 008 | 070622s1955 sp ||||1| spa d | ||
| 100 | 1 |
_aZimmer, E. A. _9118266 |
|
| 245 | 1 | 0 |
_aRadiocospia torácica _b: técnica e interpretación / _cpor E. A. Zimmer... ; traducción de E. Werner-Loos. |
| 260 |
_aMadrid : _bEdic. Morata, _c[1955] |
||
| 300 |
_a174 p. ; _c21 cm. |
||
| 700 | 1 |
_aWerner-Loos, E. _9116510 |
|
| 852 |
_aES-MaACL _jC-14853 _bR.42531 |
||
| 999 |
_c128168 _d128168 |
||